Public law in East Africa / (Record no. 526)
| 000 -LEADER | |
|---|---|
| fixed length control field | 00826cam a22002534a 4500 |
| 001 - CONTROL NUMBER | |
| control field | 15881231 |
| 005 - DATE AND TIME OF LATEST TRANSACTION | |
| control field | 20140116120830.0 |
| 008 - FIXED-LENGTH DATA ELEMENTS--GENERAL INFORMATION | |
| fixed length control field | 090826s2009 ke b 001 0 eng |
| 010 ## - LIBRARY OF CONGRESS CONTROL NUMBER | |
| LC control number | 2009349927 |
| 020 ## - INTERNATIONAL STANDARD BOOK NUMBER | |
| International Standard Book Number | 9966723757 |
| 040 ## - CATALOGING SOURCE | |
| Original cataloging agency | DLC |
| Transcribing agency | DLC |
| 042 ## - AUTHENTICATION CODE | |
| Authentication code | lcode |
| 043 ## - GEOGRAPHIC AREA CODE | |
| Geographic area code | fe----- |
| 050 00 - LIBRARY OF CONGRESS CALL NUMBER | |
| Classification number | KQC510.M87 2009 |
| 100 1# - MAIN ENTRY--PERSONAL NAME | |
| Personal name | Ssekaana, Musa. |
| 245 10 - TITLE STATEMENT | |
| Title | Public law in East Africa / |
| Statement of responsibility, etc | Ssekaana Musa. |
| 260 ## - PUBLICATION, DISTRIBUTION, ETC. (IMPRINT) | |
| Place of publication, distribution, etc | Nairobi, Kenya : |
| Name of publisher, distributor, etc | LawAfrica, |
| Date of publication, distribution, etc | 2009. |
| 300 ## - PHYSICAL DESCRIPTION | |
| Extent | xlvii, 285 p. |
| 504 ## - BIBLIOGRAPHY, ETC. NOTE | |
| Bibliography, etc | Includes bibliographical references and index. |
| 650 #0 - SUBJECT ADDED ENTRY--TOPICAL TERM | |
| Topical term or geographic name as entry element | Public law |
| Geographic subdivision | Africa, East. |
| 906 ## - LOCAL DATA ELEMENT F, LDF (RLIN) | |
| a | 7 |
| b | cbc |
| c | origode |
| d | 2 |
| e | ncip |
| f | 20 |
| g | y-gencatlg |
| 942 ## - ADDED ENTRY ELEMENTS (KOHA) | |
| Source of classification or shelving scheme | |
| Item type | Book |
| Withdrawn status | Lost status | Source of classification or shelving scheme | Damaged status | Not for loan | Home library | Current library | Date acquired | Source of acquisition | Cost, normal purchase price | Total Checkouts | Total Renewals | Full call number | Barcode | Date last seen | Date last borrowed | Copy number | Price effective from | Koha item type |
|---|---|---|---|---|---|---|---|---|---|---|---|---|---|---|---|---|---|---|
| Riara University Library | Riara University Library | 22/10/2011 | Purchase | 2200.00 | 20 | 4 | KQC510.M87 2009 | 1039/11 | 15/05/2025 | 27/01/2025 | C.1 | 22/10/2011 | Book | |||||
| Riara University Library | Riara University Library | 22/10/2011 | Purchase | 2200.00 | 22 | 4 | KQC510.M87 2009 | 1041/11 | 09/03/2020 | 20/02/2020 | C.2 | 22/10/2011 | Book | |||||
| Riara University Library | Riara University Library | 22/10/2011 | Purchase | 2200.00 | 19 | 2 | KQC510.M87 2009 | 1040/11 | 12/02/2026 | 10/02/2026 | C.3 | 22/10/2011 | Book on Shortloan |
